Las tensiones entre la formación y la práctica docente: la experiencia emocional del docente

Gorde:
Xehetasun bibliografikoak
Egile nagusia: Mansione, Isabel (autora)
Formatua: Liburua
Hizkuntza:gaztelania
Argitaratua: Rosario Homo Sapiens 2004
Edizioa:1a. ed
Gaiak:
Etiketak: Etiketa erantsi
Etiketarik gabe, Izan zaitez lehena erregistro honi etiketa jartzen!

MARC

LEADER 00000nam a2200000 a 4500
001 UCK5598
003 CL-VaPUC
008 050805e20040000AG |||||||||||||||||spa|d
020 |a 9508084308 
082 0 4 |a 371.1  |b MAN  |2 21 
100 |a Mansione, Isabel  |e autora  |9 494448 
245 1 4 |a Las tensiones entre la formación y la práctica docente: la experiencia emocional del docente 
250 |a 1a. ed 
300 |a 174 p 
942 |c BK 
945 |d 20050805 00:00:00  |a jcarroza 
260 |a Rosario  |b Homo Sapiens  |c 2004 
650 0 |a Formación profesional de profesores  |9 307493 
650 0 |a Práctica docente  |9 307872 
650 0 |a Formación docente   |9 494449 
650 0 |a Psicoanálisis   |9 265702 
583 |a last modification  |c 20050805 00:00:00  |k Rodrigo Vera 
999 |c 314099  |d 314097 
952 |0 0  |1 0  |4 0  |6 371_100000000000000_MAN_2004  |7 0  |8 A  |9 386012  |a BIBEDU  |b BIBEDU  |d 2019-11-22  |i 4150368  |o 371.1 MAN 2004  |p 4150368  |r 2019-11-22  |w 2019-11-22  |y BK  |k EBA